000 00490cam a2200193ua 4500
001 4164
005 20260515113808.0
008 111219n ii |||gr||||Z||||||asm
040 _cMAIN
082 _a891.4513
100 1 _aHazarika, Atulchandra,
245 1 1 _aAndersanar sadhu
_cby Atulchandra Hazarika
250 _a2nd.
260 _aGuwahati:
_bPublication board assam,987.
300 _a108p:
_c23cm.
653 _aAssamese short stories
653 _aAndersanar sadhu
942 _cBK
999 _c3982
_d3982